Liste des noms de Pokémon finissant par R - Statistiques

Statistiques générales
  • Ce quiz a été pris 77 fois
  • Le résultat moyen est 31 sur 65
Statistiques - réponses
Pokémon % Correct
Miradar
78%
Mordudor
74%
Roue-de-Fer
74%
Chartor
70%
Épine-de-Fer
70%
Têtes-de-Fer
70%
Vert-de-Fer
70%
Chef-de-Fer
67%
Électhor
67%
Empiflor
67%
Garde-de-Fer
67%
Mite-de-Fer
67%
Paume-de-Fer
67%
Roc-de-Fer
67%
Boustiflor
63%
Chétiflor
63%
Ferdeter
63%
Hotte-de-Fer
63%
Insécateur
63%
Joliflor
63%
Larvadar
63%
Aflamanoir
59%
Aligatueur
52%
Amonistar
52%
Noctunoir
52%
Tarinor
52%
Chrysacier
48%
Gardevoir
48%
Grindur
48%
Virevorreur
48%
Chuchmur
44%
Magmar
44%
Nostenfer
44%
Ptyranidur
44%
Queulorior
44%
Triopikeur
44%
Wailmer
44%
Chovsourir
41%
Hachécateur
41%
Léviator
41%
Ouvrifier
41%
Polichombr
41%
Taupiqueur
41%
Dinoclier
37%
Machopeur
37%
Mackogneur
37%
Ossatueur
37%
Scalpereur
37%
Vrombotor
37%
Ceriflor
33%
Étouraptor
33%
Keunotor
33%
Moufflair
33%
Noacier
33%
Pomdramour
33%
Séviper
33%
Ékaïser
30%
Nigosier
30%
Phogleur
30%
Tritosor
30%
Flâmigator
26%
Fouinar
26%
Lewsor
22%
Tutankafer
22%
Wimessir
11%
Aucun quiz correspondant
Distribution des résultats
% des personnes avec chaque résultat
Percentile par nombre de réponses
Votre historique - résultats
Vous n’avez pas pris ce quiz